| 000 | 00569nam a2200097Ia 4500 | ||
|---|---|---|---|
| 008 | 170517s9999 xx 000 0 und d | ||
| 245 | _aCulture in Decline: Economics 101 | ||
| 300 | _aThe topic of this show entitled Economics 101 deals with the subject of Economic Calculation, Market Rationale and its effects, along with considerations of the Scientific Principles of Sustainability. This episode features long winded and generally insulting rhetoric, a... | ||
| 650 | _xBusiness and Economics. | ||
| 856 | _uhttp://topdocumentaryfilms.com/culture-decline-economics-101/ | ||
| 999 |
_c333246 _d333246 |
||